000 02546nam2a2200301 4500
001 RU\NLR\BIBL_A\012633639
005 20250624094848.0
035 _a(NLR Aleph) 012633639
090 _a12674513
_c12674513
100 _a20211028d2021 |||y0rusy50 ca
101 0 _arus
102 _aRU
200 1 _aСпециальный номер, посвященный опыту преподавания Основ православной культуры и духовно-нравственного воспитания в Урюпинской и Новоаннинской епархии Русской православной церкви
210 _d2021
_aБ. м.
461 0 _1001RU\NLR\INFOCOMM\1000054052
_12001#$aДуховно-нравственное воспитание$eНауч.-просветит. журн.$eПрил. к журн. "Воспитание школьников"$fМ-во образования Рос. Федерации, Изд-во "Шк. пресса"$v2021, № 5
_92304566
_cМ.
_d2001 -
_fМ-во образования Рос. Федерации, Изд-во "Шк. пресса"
_nШк. пресса
_oНауч.-просветит. журн. : Прил. к журн. "Воспитание школьников"
_tДуховно-нравственное воспитание
_x2074-5001
_v2021, № 5
461 0 _1001RU\NLR\BIBL_A\012644279
_12001#$aДетство во Христе$eжурнал для чтения детям по Основам православной культуры$eприложение к журналу "Духовно-нравственное воспитание"$fООО "Шк. пресса"$v2021, № 2
_912705989
_cМосква
_d2012 -
_fООО "Шк. пресса"
_n[б. и.]
_oжурнал для чтения детям по Основам православной культуры : приложение к журналу "Духовно-нравственное воспитание"
_tДетство во Христе
_v2021, № 2
606 1 _aПравославие и образование
_92280388
_3RU\NLR\AUTH\661366281
606 1 _a"Основы православной культуры", курс
_jСборники
_xПреподавание
_xСредняя школа
_92478245
_3RU\NLR\AUTH\661471361
686 2 _aЭ372.24-681.78
686 2 _aЭ372.24-117.33
686 1 _aЧ426.991я43
852 _aNLR
_jП37/201
942 _cISSUE
980 _aNB
980 _aRUSPER